People who knew God. (Record no. 5477)
[ view plain ]
| 000 -LEADER | |
|---|---|
| fixed length control field | 00771nam a2200253I 4500 |
| 001 - CONTROL NUMBER | |
| control field | 2786257 |
| 003 - CONTROL NUMBER IDENTIFIER | |
| control field | OSt |
| 005 - DATE AND TIME OF LATEST TRANSACTION | |
| control field | 20190104124619.0 |
| 008 - FIXED-LENGTH DATA ELEMENTS--GENERAL INFORMATION | |
| fixed length control field | 770309s1964 maua j 000 1 eng |
| 010 ## - LIBRARY OF CONGRESS CONTROL NUMBER | |
| LC control number | 64014501 |
| 035 ## - SYSTEM CONTROL NUMBER | |
| System control number | tcgc183268 |
| 035 01 - SYSTEM CONTROL NUMBER | |
| System control number | 71087 |
| 040 ## - CATALOGING SOURCE | |
| Original cataloging agency | DLC |
| Transcribing agency | GYG |
| Modifying agency | HEI |
| 050 0# - LIBRARY OF CONGRESS CALL NUMBER | |
| Classification number | PZ7.P9344 |
| Item number | Pe |
| 082 ## - DEWEY DECIMAL CLASSIFICATION NUMBER | |
| Classification number | 248.82 |
| Item number | P949P |
| 090 ## - LOCALLY ASSIGNED LC-TYPE CALL NUMBER (OCLC); LOCAL CALL NUMBER (RLIN) | |
| Classification number (OCLC) (R) ; Classification number, CALL (RLIN) (NR) | PZ7.P934 |
| Local cutter number (OCLC) ; Book number/undivided call number, CALL (RLIN) | Pe |
| 100 1# - MAIN ENTRY--PERSONAL NAME | |
| Personal name | Priester, Gertrude Ann. |
| 245 10 - TITLE STATEMENT | |
| Title | People who knew God. |
| Statement of responsibility, etc. | Illustrated by Eric von Schmidt. |
| 260 ## - PUBLICATION, DISTRIBUTION, ETC. | |
| Place of publication, distribution, etc. | Boston, |
| Name of publisher, distributor, etc. | United Church Press |
| Date of publication, distribution, etc. | [1964] |
| 300 ## - PHYSICAL DESCRIPTION | |
| Extent | 92 p. |
| Other physical details | illus. |
| Dimensions | 23 cm. |
| 650 #0 - SUBJECT ADDED ENTRY--TOPICAL TERM | |
| Topical term or geographic name entry element | Religious education |
| Form subdivision | Textbooks for children |
| General subdivision | United Church of Christ. |
| 710 2# - ADDED ENTRY--CORPORATE NAME | |
| Corporate name or jurisdiction name as entry element | United Church Board for Homeland Ministries. |
| Subordinate unit | Division of Christian Education. |
| 942 ## - ADDED ENTRY ELEMENTS (KOHA) | |
| Source of classification or shelving scheme | Dewey Decimal Classification |
| Koha item type | Books |
| Withdrawn status | Lost status | Source of classification or shelving scheme | Damaged status | Not for loan | Collection code | Home library | Current library | Shelving location | Date acquired | Cost, normal purchase price | Total Checkouts | Full call number | Barcode | Date last seen | Price effective from | Koha item type |
|---|---|---|---|---|---|---|---|---|---|---|---|---|---|---|---|---|
| Dewey Decimal Classification | Non-fiction | Harvest Mission College | Harvest Mission College | General Stacks | 04.01.2019 | 560.00 | 248.82 P949P | 006256 | 04.01.2019 | 04.01.2019 | Books |
